Statistics for Romania - Albania UEFA Euro 2016

Click here to take the quiz!

General Stats

  • This quiz has been taken 61 times
  • The average score is 11 of 30

Answer Stats

Answer% Correct
Ciprian Tătăruşanu
68%
Armando Sadiku ¹
66%
Etrit Berisha
62%
Elseid Hysaj
53%
Bogdan Stancu
49%
Nicolae Stanciu
49%
Florin Andone
47%
Lorik Cana
47%
Vlad Chiricheș
47%
Odise Roshi
40%
Ermir Lenjani
38%
Gianni De Biasi
38%
Mërgim Mavraj
38%
Amir Abrashi
34%
Ansi Agolli
34%
Denis Alibec
34%
Andi Lila
32%
Anghel Iordănescu
32%
Bekim Balaj
32%
Dragoș Grigore
32%
Ledian Memushaj
32%
Arlind Ajeti
30%
Adrian Popa
28%
Cristian Săpunaru
26%
Ovidiu Hoban
26%
Migjen Basha
23%
Alexandru Mățel
21%
Lucian Sânmărtean
17%
Gabriel Torje
15%
Andrei Prepelita
11%

Score Distribution

Percentile by Number Answered

Percent of People with Each Score

Your Score History

You have not taken this quiz